000 00395nam a2200181Ia 4500
008 210210b1962 xxu||||| |||| 00| 0 eng d
041 _aeng
082 _a516/44
100 _aKAR (J M)
245 _aElements of vector analysis
260 _aCalcutta
_b-
_c1962
650 _avector
650 _aof
650 _aElements
650 _aanalysis
690 _astatics
906 _a007761
999 _c140397
_d140397